[Event "Stuttgarter Stadtmeisterschaft B"]
[Site "Ditzingen"]
[Date "2015.05.14"]
[Round "2.25"]
[White "Götze, Peter"]
[Black "Fuchs, Egbert"]
[Result "1/2-1/2"]
[WhiteElo "1862"]
[BlackElo "1681"]
[PlyCount "50"]
[EventDate "2015.??.??"]
[WhiteTeam "SV Besigheim"]
[BlackTeam "SVG Vaihingen/Enz"]

1. Nc3 d5 2. e4 dxe4 3. Nxe4 Nf6 4. Ng3 e6 5. d4 Be7 6. Nf3 O-O 7. Bd3 c5 8.
O-O cxd4 9. Nxd4 Nc6 10. Nxc6 bxc6 11. Qe2 Qc7 12. c3 Rb8 13. Rb1 e5 14. h3 Nd5
15. Re1 Bd6 16. Ne4 Be7 17. Ng5 Bxg5 18. Bxg5 Nf4 19. Bxf4 exf4 20. f3 Bd7 21.
Qf2 Be6 22. b3 Rfd8 23. Rbd1 Qa5 24. Qh4 g6 25. Qf6 Qc7 1/2-1/2

[Event "Stuttgarter Stadtmeisterschaft B"]
[Site "Ditzingen"]
[Date "2015.05.14"]
[Round "2.26"]
[White "Fuss, Thomas"]
[Black "Herbst, Rudolf"]
[Result "0-1"]
[WhiteElo "1857"]
[BlackElo "1681"]
[PlyCount "98"]
[EventDate "2015.??.??"]
[WhiteTeam "SV Rottweil"]
[BlackTeam "SG Fasanenhof"]

1. d4 d5 2. Nf3 Nf6 3. e3 c6 4. Bd3 Bg4 5. Nbd2 e6 6. c4 Be7 7. Qb3 Qc7 8. Ne5
Bh5 9. Qc2 Nbd7 10. Ndf3 Bxf3 11. Nxf3 dxc4 12. Bxc4 Qa5+ 13. Bd2 Bb4 14. Rc1
Bxd2+ 15. Qxd2 Qxd2+ 16. Kxd2 Ne4+ 17. Ke2 Ndf6 18. Ne5 Rd8 19. f3 Nd6 20. Bb3
O-O 21. Rhd1 Nd5 22. Nd3 Ne7 23. Rc2 Rc8 24. g4 Rfd8 25. a4 Ne8 26. Nc5 Rc7 27.
e4 a5 28. Ke3 b6 29. Nd3 Kf8 30. Ne5 Nd6 31. Rdc1 Rdc8 32. f4 Nb7 33. Nc4 Nd8
34. Ba2 Rb8 35. f5 exf5 36. gxf5 f6 37. Nd2 b5 38. axb5 Rxb5 39. Nc4 Nc8 40.
Nd2 Re7 41. Bc4 Rxf5 42. Be2 Rg5 43. h4 Rg3+ 44. Kf4 Rh3 45. Kg4 Re3 46. Ba6
Nd6 47. Kf4 Rh3 48. Kg4 Rh2 49. Kg3 Rxd2 0-1

[Event "Stuttgarter Stadtmeisterschaft B"]
[Site "Ditzingen"]
[Date "2015.05.14"]
[Round "2.27"]
[White "Trobonjaca, Milos"]
[Black "Aubel, Stefan"]
[Result "0-1"]
[WhiteElo "1633"]
[BlackElo "1831"]
[PlyCount "80"]
[EventDate "2015.??.??"]
[WhiteTeam "SF Oeffingen"]
[BlackTeam "SV Oberstenfeld"]

1. d4 d5 2. c4 e6 3. Nf3 Nf6 4. g3 Be7 5. Bg2 O-O 6. cxd5 exd5 7. O-O c6 8. Nc3
Nbd7 9. a3 a5 10. Bf4 Nb6 11. b3 Nh5 12. Be3 Bd6 13. Bg5 Nf6 14. e4 dxe4 15.
Nxe4 Be7 16. Re1 Nxe4 17. Bxe7 Qxe7 18. Nh4 Nxf2 19. Rxe7 Nxd1 20. Rxd1 Rb8 21.
a4 Be6 22. Rd3 Rfd8 23. Be4 Kf8 24. Rc7 Na8 25. Rxf7+ Bxf7 26. Bxh7 Rd6 27. Bf5
Rbd8 28. Nf3 Nc7 29. Kf2 g6 30. Bg4 Ne6 31. Ke3 Nc5 32. Rc3 Nxb3 33. h4 Nxd4
34. Ng5 Nf5+ 35. Bxf5 gxf5 36. Kf4 Rd5 37. Nxf7 Kxf7 38. Rf3 Rd4+ 39. Kg5 Ke6
40. h5 Rg4+ 0-1

[Event "Stuttgarter Stadtmeisterschaft B"]
[Site "Ditzingen"]
[Date "2015.05.14"]
[Round "2.28"]
[White "Theuer, Tobias"]
[Black "Grünert, Thomas"]
[Result "1/2-1/2"]
[WhiteElo "1560"]
[BlackElo "1826"]
[PlyCount "57"]
[EventDate "2015.??.??"]
[WhiteTeam "SG Schwäbisch Gmünd 1872 e.V"]
[BlackTeam "SF Illingen"]

1. e4 c5 2. Nf3 e6 3. c3 Nc6 4. d4 d5 5. exd5 Qxd5 6. Be3 cxd4 7. Nxd4 Nxd4 8.
Qxd4 Nf6 9. Nd2 Bd7 10. Nf3 Bc6 11. Ne5 Be7 12. Qxd5 Nxd5 13. Bd4 O-O 14. Nxc6
bxc6 15. Bd3 Rfd8 16. O-O c5 17. Be5 f6 18. Bg3 Nxc3 19. Bxh7+ Kxh7 20. bxc3
Rd3 21. Rac1 c4 22. Rfd1 Rad8 23. Rxd3 Rxd3 24. f3 Bc5+ 25. Kf1 Rd2 26. Ra1 Rc2
27. Be1 Ba3 28. Rd1 e5 29. Rd7 1/2-1/2

[Event "Stuttgarter Stadtmeisterschaft B"]
[Site "Ditzingen"]
[Date "2015.05.14"]
[Round "2.29"]
[White "Pelezki, Jurij"]
[Black "Forster, Lukas"]
[Result "0-1"]
[WhiteElo "1822"]
[BlackElo "1571"]
[PlyCount "108"]
[EventDate "2015.??.??"]
[WhiteTeam "SV Fellbach"]
[BlackTeam "Stuttgarter SF 1879"]

1. Nf3 Nf6 2. Nc3 g6 3. e4 d6 4. Bc4 Bg7 5. d4 O-O 6. O-O c6 7. Bb3 Nbd7 8. Qd3
Qc7 9. Ne2 h6 10. e5 Nd5 11. c4 Nb4 12. Qc3 c5 13. Bf4 b6 14. a3 Nc6 15. Qd2
dxe5 16. Bxh6 Nxd4 17. Nexd4 exd4 18. Rae1 e5 19. Bc2 Bb7 20. Qg5 Bxh6 21. Qxh6
Bxf3 22. gxf3 Qd6 23. Re4 Qf6 24. Rh4 Qg7 25. Qg5 Qf6 26. Qg3 Kg7 27. Be4 Rh8
28. Rg4 Rag8 29. Re1 Rh5 30. Kf1 Rgh8 31. f4 Rh3 32. Qg1 exf4 33. Rg5 R8h5 34.
Rxh5 Rxh5 35. Qg4 Ne5 36. Qg2 f3 37. Qg3 Rg5 38. Qh3 Qf4 39. Bc2 Rh5 40. Qg3
Qxg3 41. fxg3 Rxh2 42. Rxe5 Rxc2 43. b3 Rc3 44. Re7 d3 45. Rd7 Rxb3 46. Kf2
Rxa3 47. g4 Kf6 48. Rd5 Rc3 49. Kxf3 d2+ 50. Ke2 Rxc4 51. g5+ Ke6 52. Rxd2 Rg4
53. Ra2 Rg2+ 54. Kf3 Rxa2 0-1

[Event "Stuttgarter Stadtmeisterschaft B"]
[Site "Ditzingen"]
[Date "2015.05.14"]
[Round "2.30"]
[White "Shahisavandi, Abdollah"]
[Black "Collin, Alexander"]
[Result "0-1"]
[WhiteElo "1817"]
[BlackElo "1591"]
[PlyCount "92"]
[EventDate "2015.??.??"]
[WhiteTeam "Karlsruher SF 1853"]
[BlackTeam "Schach-Pinguine Murrhardt"]

1. e4 e6 2. d4 d5 3. Nd2 Nf6 4. e5 Nfd7 5. Bd3 c5 6. c3 Qb6 7. Ne2 Nc6 8. Nf3
f6 9. exf6 Nxf6 10. O-O Bd6 11. dxc5 Bxc5 12. Ng3 Bd7 13. Ng5 Ne5 14. Be2 h6
15. Nh3 O-O-O 16. b4 Bd6 17. Be3 Qc7 18. Bxa7 Nc4 19. Bxc4 dxc4 20. Be3 Nd5 21.
Qd2 Be5 22. Bd4 Bxg3 23. hxg3 e5 24. Bc5 Bxh3 25. gxh3 Nxb4 26. Qe2 Nd3 27. Be3
Qd7 28. Kh2 Rde8 29. Rab1 h5 30. a4 h4 31. g4 e4 32. Rb5 Qd6+ 33. Kg1 Rhf8 34.
Rfb1 Re7 35. Ra5 Rfe8 36. Ra8+ Kc7 37. Bb6+ Kd7 38. Ra7 Kc8 39. a5 e3 40. Ra8+
Kd7 41. Rxe8 exf2+ 42. Kf1 Rxe2 43. Rd8+ Ke7 44. Kxe2 Qe5+ 45. Kf3 Qf4+ 46. Kg2
Qg3+ 0-1

[Event "Stuttgarter Stadtmeisterschaft B"]
[Site "Ditzingen"]
[Date "2015.05.14"]
[Round "2.31"]
[White "Awiszus, Thomas"]
[Black "Michna, Marcus"]
[Result "1/2-1/2"]
[WhiteElo "1619"]
[BlackElo "1798"]
[PlyCount "65"]
[EventDate "2015.??.??"]
[WhiteTeam "SK Schmiden/Cannstatt"]
[BlackTeam "TSF Ditzingen"]

1. d4 Nf6 2. Nf3 e6 3. g3 b6 4. Bg2 Bb7 5. O-O Be7 6. c4 O-O 7. Nc3 d5 8. Ne5
c5 9. dxc5 bxc5 10. Qb3 Qb6 11. Qc2 Nc6 12. Bf4 Nxe5 13. Bxe5 Rac8 14. Bxf6
Bxf6 15. Na4 Qa5 16. Rac1 Rfd8 17. b3 Bc6 18. Nc3 dxc4 19. bxc4 Bxg2 20. Kxg2
Rc6 21. Ne4 Be7 22. Rb1 Rb6 23. Rxb6 axb6 24. a4 f5 25. Nc3 Bf6 26. Rd1 Ra8 27.
Nb5 Qxa4 28. Qc1 Qa6 29. f3 Qa2 30. Rd2 Qa1 31. Qc2 Qe5 32. Rd6 Ra1 33. Qd2
1/2-1/2

[Event "Stuttgarter Stadtmeisterschaft B"]
[Site "Ditzingen"]
[Date "2015.05.14"]
[Round "2.32"]
[White "Gheng, Dominik"]
[Black "Blum, Michael"]
[Result "1-0"]
[WhiteElo "1771"]
[BlackElo "1562"]
[PlyCount "113"]
[EventDate "2015.??.??"]
[WhiteTeam "Schach-Kids Bernhausen e.V."]
[BlackTeam "SC Aidlingen"]

1. e4 c5 2. Nf3 d6 3. d4 cxd4 4. Nxd4 Nf6 5. Nc3 a6 6. Be3 e5 7. Nf3 Be7 8. Qd2
Be6 9. Na4 Nbd7 10. Nc3 Qc7 11. Nd5 Nxd5 12. exd5 Bf5 13. c4 h6 14. Rc1 Rc8 15.
Bd3 Bxd3 16. Qxd3 Nc5 17. Qa3 a5 18. Nd2 b6 19. f3 O-O 20. O-O f5 21. Rfd1 e4
22. Bxc5 dxc5 23. fxe4 Bd6 24. Qh3 f4 25. Nf3 Rce8 26. Re1 Be5 27. Nxe5 Qxe5
28. Rc3 Qd4+ 29. Kf1 Rxe4 30. Rxe4 Qxe4 31. Qd3 Re8 32. Qxe4 Rxe4 33. b3 Kf7
34. Rd3 Rd4 35. Rxd4 cxd4 36. Ke2 Kf6 37. Kd3 Ke5 38. a3 g6 39. b4 axb4 40.
axb4 g5 41. d6 Kxd6 42. Kxd4 h5 43. Ke4 Ke6 44. h4 gxh4 45. Kxf4 Kf6 46. c5 b5
47. Ke4 Ke6 48. Kd4 Kf5 49. Kd5 Kf4 50. c6 Kg3 51. c7 Kxg2 52. c8=Q h3 53. Qf5
h2 54. Qxh5 h1=Q 55. Qxh1+ Kxh1 56. Kc5 Kg2 57. Kxb5 1-0

[Event "Stuttgarter Stadtmeisterschaft B"]
[Site "Ditzingen"]
[Date "2015.05.14"]
[Round "2.33"]
[White "Ziegler, Michael"]
[Black "Boschmann, Werner"]
[Result "1/2-1/2"]
[WhiteElo "1692"]
[BlackElo "1519"]
[PlyCount "134"]
[EventDate "2015.??.??"]
[WhiteTeam "SF Kornwestheim"]
[BlackTeam "SC Widdern"]

1. e4 e5 2. Nf3 Nc6 3. d4 exd4 4. Nxd4 Nf6 5. Nxc6 bxc6 6. Bd3 d5 7. e5 Ng4 8.
Bf4 Bc5 9. Bg3 O-O 10. O-O Qg5 11. h4 Qe7 12. c3 Nxe5 13. Bxh7+ Kxh7 14. Qh5+
Kg8 15. Qxe5 Qxe5 16. Bxe5 Re8 17. Bxc7 Re7 18. b4 Bb6 19. Bg3 Ba6 20. a4 Rae8
21. Na3 Re2 22. b5 Bb7 23. bxc6 Bxc6 24. Nb5 R8e4 25. Nd4 Bxd4 26. cxd4 Rxd4
27. a5 a6 28. Rac1 Bb5 29. Rfd1 Rxd1+ 30. Rxd1 Bc4 31. Bc7 f6 32. g3 Kf7 33.
Kg2 Re7 34. Bb6 Re2 35. Kf3 Re6 36. Rd2 Re1 37. Be3 Ra1 38. Bb6 Re1 39. Kg2 Re2
40. Rxe2 Bxe2 41. f3 Ke6 42. Kf2 Bc4 43. Ke3 g6 44. Kf4 Be2 45. Bd4 Bd3 46. Ke3
Bc2 47. g4 Kf7 48. Kf2 Bd1 49. Kg3 Bc2 50. f4 Be4 51. Kf2 Bd3 52. Ke3 Be4 53.
Bb2 Bb1 54. Kd4 Be4 55. Ba1 Bb1 56. Kxd5 Bd3 57. Bb2 Bb1 58. Kd4 Bc2 59. Ke3
Bb1 60. Kd4 Bc2 61. Kc5 Bd3 62. Kb6 Be2 63. h5 gxh5 64. gxh5 Kg7 65. h6+ Kxh6
66. Bxf6 Kg6 67. Be5 Kf5 1/2-1/2

[Event "Stuttgarter Stadtmeisterschaft B"]
[Site "Ditzingen"]
[Date "2015.05.14"]
[Round "2.34"]
[White "Pelezki, Sergej"]
[Black "Schmölzing, Matthias"]
[Result "1-0"]
[WhiteElo "1839"]
[BlackElo "1568"]
[PlyCount "68"]
[EventDate "2015.??.??"]
[WhiteTeam "SV 1947 Wendlingen"]
[BlackTeam "SV Würzburg"]

1. d4 Nf6 2. c4 g6 3. Nf3 Bg7 4. Nc3 O-O 5. g3 d6 6. Bg2 Nc6 7. d5 Na5 8. Qd3
c5 9. O-O e5 10. e4 Nh5 11. Nh4 f5 12. exf5 gxf5 13. Qe2 Qe8 14. Nb5 Nf6 15.
Nc7 Qd8 16. Nxa8 Bd7 17. Bd2 b6 18. Bxa5 bxa5 19. Qd2 f4 20. Rae1 Qxa8 21. f3
Qd8 22. Kh1 Kh8 23. Qf2 fxg3 24. hxg3 e4 25. f4 Ng4 26. Qe2 e3 27. Bf3 Nf2+ 28.
Rxf2 exf2 29. Qxf2 Bd4 30. Qh2 Qf6 31. Be4 Re8 32. Nf3 Bf5 33. Qh5 Bg6 34. Bxg6
Qxg6 1-0

[Event "Stuttgarter Stadtmeisterschaft B"]
[Site "Ditzingen"]
[Date "2015.05.14"]
[Round "2.35"]
[White "Schreiber, Winfried"]
[Black "Fais, Sami"]
[Result "0-1"]
[WhiteElo "1563"]
[BlackElo "1817"]
[PlyCount "58"]
[EventDate "2015.??.??"]
[BlackTeam "VfL Sindelfingen"]

1. c4 c5 2. Nc3 Nc6 3. Nf3 Nf6 4. g3 g6 5. Bg2 Bg7 6. O-O e5 7. e3 d6 8. d4 e4
9. Ng5 cxd4 10. exd4 O-O 11. Ngxe4 Nxe4 12. Nxe4 Bxd4 13. Rb1 Bf5 14. b4 Re8
15. Re1 Bxe4 16. Bxe4 Qf6 17. Qc2 Re6 18. Bb2 Rae8 19. Bxd4 Nxd4 20. Qd3 Nf3+
21. Kg2 Nxe1+ 22. Rxe1 Qe5 23. f3 f5 24. f4 fxe4 25. Qe3 Qb2+ 26. Re2 Qxb4 27.
Rc2 Qa4 28. Qe2 e3 29. h4 Qxc2 0-1

[Event "Stuttgarter Stadtmeisterschaft B"]
[Site "Ditzingen"]
[Date "2015.05.14"]
[Round "2.36"]
[White "Brunner, Jan"]
[Black "Lechler, Walter"]
[Result "1/2-1/2"]
[WhiteElo "1773"]
[BlackElo "1562"]
[PlyCount "133"]
[EventDate "2015.??.??"]
[WhiteTeam "SpVgg Rommelshausen"]
[BlackTeam "SK Dinkelsbühl"]

1. d4 d5 2. c4 e6 3. Nf3 Nf6 4. g3 Be7 5. Bg2 O-O 6. O-O b6 7. Nbd2 Bb7 8. Qc2
Nbd7 9. b3 c5 10. Bb2 Bd6 11. e3 Qe7 12. Ne5 Bxe5 13. dxe5 Ng4 14. Nf3 f6 15.
exf6 Ndxf6 16. h3 Nh6 17. Ne5 Nf7 18. Rfd1 Nxe5 19. Bxe5 Rad8 20. f4 Rd7 21. g4
Rfd8 22. g5 Ne4 23. h4 h6 24. Qe2 hxg5 25. hxg5 Nxg5 26. fxg5 Qxg5 27. Bf4 Qg6
28. Kf2 e5 29. Bxe5 Qf5+ 30. Bf4 g5 31. Qh5 Qc2+ 32. Kg1 gxf4 33. Qg5+ Kh8 34.
Qf6+ Kg8 35. exf4 Qh7 36. cxd5 Rd6 37. Qg5+ Qg7 38. Qxg7+ Kxg7 39. Rd2 Kf6 40.
Re1 Kf5 41. Re7 Bc8 42. Rf7+ Rf6 43. Be4+ Kxe4 44. Rxf6 Rxd5 45. Rxd5 Kxd5 46.
Kf2 b5 47. Rf8 Bd7 48. Rd8 Kc6 49. Ke3 Bf5 50. a3 a5 51. Kd2 Be6 52. Kc3 b4+
53. axb4 axb4+ 54. Kb2 Kc7 55. Rf8 Kd7 56. Rb8 Kc7 57. Rh8 c4 58. bxc4 Bxc4 59.
Rh6 Kd7 60. f5 Ke7 61. Kc2 Bd5 62. f6+ Kf7 63. Kd3 Be6 64. Kc2 Bf5+ 65. Kb3 Bg6
66. Kxb4 Kxf6 67. Rxg6+ 1/2-1/2

[Event "Stuttgarter Stadtmeisterschaft B"]
[Site "Ditzingen"]
[Date "2015.05.14"]
[Round "2.37"]
[White "Hirtreiter, Norbert"]
[Black "Strauss, Martin"]
[Result "0-1"]
[WhiteElo "1531"]
[BlackElo "1758"]
[PlyCount "72"]
[EventDate "2015.??.??"]
[WhiteTeam "SK München Südost"]
[BlackTeam "SC Sillenbuch"]

1. d4 Nf6 2. Nf3 d5 3. Nc3 Bf5 4. Ne5 e6 5. Bg5 Be7 6. h3 Nbd7 7. e3 Nxe5 8.
dxe5 Nd7 9. Bf4 c5 10. Nb5 a6 11. Nd6+ Bxd6 12. exd6 Nf6 13. c4 Qa5+ 14. Ke2
dxc4 15. f3 Qb5 16. Kf2 Qxb2+ 17. Be2 Bd3 18. Re1 Nd5 19. Be5 Qxe5 20. Bxd3
cxd3 21. Qxd3 Rd8 22. Rac1 Qxd6 23. Re2 O-O 24. a4 Qe7 25. Kf1 Nf4 26. Qc2 Nxe2
27. Kxe2 Rd5 28. e4 Rd4 29. Ke3 Rfd8 30. f4 Rd3+ 31. Qxd3 Rxd3+ 32. Kxd3 Qd7+
33. Ke2 Qxa4 34. Rxc5 Qxe4+ 35. Kf1 Qxf4+ 36. Ke2 f6 0-1

[Event "Stuttgarter Stadtmeisterschaft B"]
[Site "Ditzingen"]
[Date "2015.05.14"]
[Round "2.38"]
[White "Potthast, Christian"]
[Black "Grünwald, Max"]
[Result "1-0"]
[WhiteElo "1751"]
[BlackElo "1560"]
[PlyCount "69"]
[EventDate "2015.??.??"]
[WhiteTeam "SF Kornwestheim"]
[BlackTeam "SV Jedesheim"]

1. d4 Nf6 2. c4 g6 3. g3 Bg7 4. Bg2 O-O 5. Nf3 d6 6. O-O Nc6 7. Nc3 e5 8. e4
exd4 9. Nxd4 Nxe4 10. Nxc6 Nxc3 11. Nxd8 Nxd1 12. Rxd1 Rxd8 13. c5 c6 14. cxd6
Be6 15. Bg5 Rd7 16. Rd2 h6 17. Be7 Bf8 18. Bxf8 Kxf8 19. b3 Rad8 20. Rad1 Bg4
21. f3 Be6 22. Kf2 Bd5 23. f4 Rxd6 24. Bh3 Ke7 25. Re1+ Be6 26. Rde2 f5 27. g4
Rd2 28. gxf5 R8d3 29. f6+ Kxf6 30. Bxe6 Rxe2+ 31. Rxe2 Rd6 32. Bg4 h5 33. Bh3
Rd3 34. Bg2 Kf5 35. Be4+ 1-0

[Event "Stuttgarter Stadtmeisterschaft B"]
[Site "Ditzingen"]
[Date "2015.05.14"]
[Round "2.39"]
[White "Gheng, Hannelore"]
[Black "Weber, Yannik"]
[Result "1-0"]
[WhiteElo "1744"]
[BlackElo "1545"]
[PlyCount "91"]
[EventDate "2015.??.??"]
[WhiteTeam "SF Deizisau"]
[BlackTeam "SC Neckarsulm"]

1. e4 e5 2. Nf3 Nc6 3. Bc4 d6 4. d4 Bg4 5. h3 Bxf3 6. Qxf3 Qf6 7. Qb3 O-O-O 8.
Bxf7 Nxd4 9. Qc4 b5 10. Qd3 Qxf7 11. c3 Nc6 12. Qxb5 Kd7 13. Nd2 g6 14. Nf3 Bh6
15. O-O Bxc1 16. Rfxc1 Nge7 17. Rd1 Ke8 18. Rd2 Kf8 19. Rad1 Qxa2 20. b3 Qa5
21. Qc4 h6 22. b4 Qb6 23. Qe6 Kg7 24. Nxe5 Nxe5 25. Qxe7+ Nf7 26. e5 Rhf8 27.
Qf6+ Kh7 28. e6 Ng5 29. e7 Rxf6 30. exd8=Q Rf7 31. Qe8 Kg7 32. h4 Nh7 33. Qe4
Nf6 34. Qd4 Qc6 35. Ra1 Qb6 36. Rxa7 Qxd4 37. Rxd4 Kf8 38. b5 Rd7 39. Rf4 Ke7
40. Rxf6 Kxf6 41. b6 Rd8 42. Rxc7 Rb8 43. b7 Ke6 44. c4 d5 45. c5 d4 46. c6 1-0

[Event "Stuttgarter Stadtmeisterschaft B"]
[Site "Ditzingen"]
[Date "2015.05.14"]
[Round "2.40"]
[White "Gorb, Eugeniusz"]
[Black "Giebler, Kai"]
[Result "1-0"]
[WhiteElo "1725"]
[BlackElo "1528"]
[PlyCount "35"]
[EventDate "2015.??.??"]
[WhiteTeam "SK Sachsenheim"]
[BlackTeam "TSF Ditzingen"]

1. e4 e5 2. Nf3 Nc6 3. d4 exd4 4. Nxd4 Bc5 5. Nxc6 Qf6 6. Qd2 dxc6 7. Bd3 Bd7
8. O-O O-O-O 9. Nc3 h5 10. Na4 Bb6 11. Nxb6+ axb6 12. a4 Kb8 13. a5 Ne7 14.
axb6 Ng6 15. Qa5 cxb6 16. Qxb6 Ne7 17. Ra7 Bc8 18. Bf4+ 1-0

[Event "Stuttgarter Stadtmeisterschaft B"]
[Site "Ditzingen"]
[Date "2015.05.14"]
[Round "2.41"]
[White "Helmich, Jörg"]
[Black "Schweizer, Timo"]
[Result "1-0"]
[WhiteElo "1704"]
[BlackElo "1524"]
[PlyCount "33"]
[EventDate "2015.??.??"]
[WhiteTeam "Regensb. Turnerschaft"]
[BlackTeam "SV Nürtingen 1920"]

1. e4 c6 2. d4 d5 3. exd5 cxd5 4. c4 Nf6 5. Nc3 Nc6 6. Bg5 e6 7. Nf3 Be7 8. Bd3
Qb6 9. Qd2 Nxd4 10. Nxd4 Qxd4 11. cxd5 Nxd5 12. Bb5+ Kf8 13. Bxe7+ Kxe7 14.
Qxd4 Rd8 15. Qxg7 Nb4 16. O-O a6 17. Qg5+ 1-0

[Event "Stuttgarter Stadtmeisterschaft B"]
[Site "Ditzingen"]
[Date "2015.05.14"]
[Round "2.42"]
[White "Jüttner, Maik"]
[Black "Schmitz, Harald"]
[Result "1-0"]
[WhiteElo "1483"]
[BlackElo "1701"]
[PlyCount "31"]
[EventDate "2015.??.??"]
[WhiteTeam "SpVgg Rommelshausen"]
[BlackTeam "SC Aidlingen"]

1. e4 e6 2. d3 d5 3. Nd2 c5 4. Ngf3 Nc6 5. Be2 Bd6 6. c3 Nge7 7. Nf1 Qc7 8. Ng3
Bd7 9. Be3 O-O 10. Qd2 d4 11. cxd4 cxd4 12. Bxd4 f5 13. Bxg7 Kxg7 14. Nh5+ Kh8
15. Qh6 Rg8 16. Qf6+ 1-0

[Event "Stuttgarter Stadtmeisterschaft B"]
[Site "Ditzingen"]
[Date "2015.05.14"]
[Round "2.43"]
[White "Kalwei, Reinhard"]
[Black "Domingos, Antonio"]
[Result "0-1"]
[WhiteElo "1510"]
[BlackElo "1690"]
[PlyCount "54"]
[EventDate "2015.??.??"]
[WhiteTeam "SC Aidlingen"]

1. e4 e6 2. d4 d5 3. e5 c5 4. c3 Nc6 5. Nf3 Bd7 6. a3 Nge7 7. Be3 Nf5 8. Bd3
cxd4 9. cxd4 Nxe3 10. fxe3 Be7 11. O-O O-O 12. Nc3 a6 13. e4 dxe4 14. Bxe4 Rc8
15. d5 exd5 16. Nxd5 Bc5+ 17. Kh1 Bg4 18. Rc1 Nxe5 19. Qb3 Nxf3 20. Bxf3 Bxf3
21. Qxf3 Qg5 22. b4 Bd6 23. Rxc8 Rxc8 24. Qxf7+ Kh8 25. Qe6 Rf8 26. Re1 Qh4 27.
h3 Qg3 0-1

[Event "Stuttgarter Stadtmeisterschaft B"]
[Site "Ditzingen"]
[Date "2015.05.14"]
[Round "2.44"]
[White "Uhlarz, Jörg"]
[Black "Sax, Leon"]
[Result "0-1"]
[WhiteElo "1690"]
[BlackElo "1509"]
[PlyCount "88"]
[EventDate "2015.??.??"]
[WhiteTeam "SC Mühlacker"]
[BlackTeam "SK Sachsenheim"]

1. d4 d5 2. c4 e6 3. Nc3 Nf6 4. Nf3 c6 5. a4 Nbd7 6. c5 b6 7. b4 a5 8. b5 Bb7
9. e3 bxc5 10. Bd3 c4 11. Bb1 Bb4 12. Bd2 O-O 13. O-O Qb6 14. Ne5 Nxe5 15. dxe5
Nd7 16. f4 Bxc3 17. Qc2 f5 18. Qxc3 cxb5 19. axb5 Qxb5 20. Bc2 Nc5 21. Rfb1 Qc6
22. Qd4 a4 23. Bb4 Nb3 24. Bxb3 axb3 25. Bxf8 Rxa1 26. Rxa1 Kxf8 27. Rc1 Qb5
28. Qb2 Qb6 29. Kf2 h6 30. h4 Qb4 31. h5 Bc6 32. Rc3 Be8 33. g4 fxg4 34. Kg3
Bxh5 35. Kh4 Bg6 36. Kxg4 Bf5+ 37. Kg3 Qa4 38. Rc1 Qa2 39. Qc3 b2 40. Qb4+ Kg8
41. Qb8+ Kh7 42. Rg1 b1=Q 43. Rxb1 Qxb1 44. Qxb1 Bxb1 0-1

[Event "Stuttgarter Stadtmeisterschaft B"]
[Site "Ditzingen"]
[Date "2015.05.14"]
[Round "2.45"]
[White "Jüttner, Mark"]
[Black "Weisensel, Wolfgang"]
[Result "1/2-1/2"]
[WhiteElo "1472"]
[BlackElo "1685"]
[PlyCount "61"]
[EventDate "2015.??.??"]
[WhiteTeam "SpVgg Rommelshausen"]
[BlackTeam "Stuttgarter SF"]

1. f4 Nf6 2. Nf3 c5 3. e3 d6 4. b3 Nbd7 5. Bb5 a6 6. Bxd7+ Bxd7 7. Bb2 e6 8.
O-O Be7 9. d3 O-O 10. Qe1 Bc6 11. Nbd2 Nd7 12. Qg3 Bf6 13. Bxf6 Qxf6 14. Nc4
Bxf3 15. Qxf3 d5 16. Ne5 Nxe5 17. fxe5 Qxe5 18. Rac1 b5 19. c4 bxc4 20. dxc4
Rac8 21. Rcd1 dxc4 22. bxc4 Qc7 23. Rb1 Rb8 24. Rbd1 Rfd8 25. Rxd8+ Rxd8 26.
Rf2 Qd7 27. Rf1 Qa7 28. Rb1 Rb8 29. Rd1 Qc7 30. Rf1 h6 31. h3 1/2-1/2

[Event "Stuttgarter Stadtmeisterschaft B"]
[Site "Ditzingen"]
[Date "2015.05.14"]
[Round "2.46"]
[White "Kobald, Matthias"]
[Black "Jünk, Stefan"]
[Result "1-0"]
[WhiteElo "1683"]
[BlackElo "1460"]
[PlyCount "141"]
[EventDate "2015.??.??"]
[WhiteTeam "SV Stuttgart-Wolfbusch"]
[BlackTeam "SC Leinzell"]

1. c4 e5 2. g3 c6 3. Nf3 e4 4. Nd4 Bc5 5. Nb3 Bb6 6. c5 Bc7 7. Bg2 Nf6 8. Nc3
Qe7 9. O-O Na6 10. d4 exd3 11. exd3 Nxc5 12. Nxc5 Qxc5 13. Re1+ Kf8 14. Qe2 d5
15. Na4 Qd6 16. Bg5 h5 17. Bxf6 gxf6 18. h4 b5 19. Nc3 Bb6 20. Kf1 Bg4 21. Qc2
f5 22. Ne2 Bxe2+ 23. Qxe2 Bd4 24. Rab1 Kg7 25. Qf3 Rh6 26. Re2 Qd7 27. Bh3 Re8
28. Rbe1 Rxe2 29. Rxe2 Kg6 30. Qf4 Bf6 31. Re3 a5 32. Rf3 Kg7 33. Qd2 Qc7 34.
Bxf5 c5 35. Re3 b4 36. Qe2 Rh8 37. b3 Kh6 38. Qd2 Kg7 39. Bh3 Qc6 40. Qe2 d4
41. Re4 Re8 42. Bg2 Rxe4 43. Bxe4 Qe6 44. Qxh5 Be5 45. Qh7+ Kf8 46. Qf5 Qxf5
47. Bxf5 Ke7 48. f4 Bg7 49. Kf2 Kf6 50. g4 Ke7 51. Kf3 Bf6 52. g5 Bg7 53. h5
Kd6 54. Kg4 Ke7 55. Be4 Ke6 56. f5+ Ke5 57. Bf3 f6 58. h6 Bf8 59. h7 Bg7 60.
Be4 Bh8 61. Kh5 Bg7 62. Kg6 Bh8 63. Kf7 fxg5 64. Kg8 Bf6 65. h8=Q Bxh8 66. Kxh8
Kf6 67. Kh7 Kf7 68. Bd5+ Kf8 69. f6 g4 70. Be4 g3 71. Bd5 1-0

[Event "Stuttgarter Stadtmeisterschaft B"]
[Site "Ditzingen"]
[Date "2015.05.14"]
[Round "2.47"]
[White "Kußmann, Alexander"]
[Black "Froehlich, Franziska"]
[Result "1-0"]
[WhiteElo "1681"]
[BlackElo "1456"]
[PlyCount "75"]
[EventDate "2015.??.??"]
[WhiteTeam "SC Aidlingen"]
[BlackTeam "SK Gerlingen"]

1. e3 Nf6 2. c4 g6 3. Nc3 Bg7 4. d4 d6 5. Nf3 O-O 6. Be2 Nbd7 7. O-O e5 8. b4
exd4 9. exd4 c5 10. bxc5 dxc5 11. d5 Nxd5 12. Nxd5 Bxa1 13. Bg5 f6 14. Qxa1
fxg5 15. Rd1 Nb6 16. Nxb6 Qxb6 17. Nxg5 Qf6 18. Qxf6 Rxf6 19. Ne4 Ra6 20. Nxc5
Rxa2 21. Bf3 Rb8 22. g3 Bf5 23. Bd5+ Kg7 24. Re1 b6 25. Re7+ Kh8 26. Nb3 Rd8
27. Nd4 Bh3 28. Re1 Rf8 29. f4 Rd2 30. Nf3 Rg2+ 31. Kh1 Rb2 32. Ng5 Bg2+ 33.
Bxg2 h6 34. Nf3 Kg7 35. Ne5 g5 36. Bd5 gxf4 37. gxf4 Rxf4 38. Nd3 1-0

[Event "Stuttgarter Stadtmeisterschaft B"]
[Site "Ditzingen"]
[Date "2015.05.14"]
[Round "2.48"]
[White "Tsybulevsky, Juri"]
[Black "Krebs, Thomas"]
[Result "0-1"]
[WhiteElo "1676"]
[BlackElo "1455"]
[PlyCount "78"]
[EventDate "2015.??.??"]
[WhiteTeam "Stuttgarter SF"]
[BlackTeam "SK e4 Gerlingen"]

1. d4 d5 2. e3 Nf6 3. c4 e6 4. Nc3 Be7 5. Nf3 O-O 6. Bd3 b6 7. O-O Bb7 8. a3 c5
9. Qe2 Nbd7 10. Rb1 Rc8 11. cxd5 exd5 12. Nd2 c4 13. Bc2 a6 14. Re1 Bd6 15. h3
Re8 16. Qf3 b5 17. Ne2 b4 18. axb4 Bxb4 19. Rd1 Qc7 20. Nc3 Re7 21. Nf1 Bd6 22.
Re1 Rce8 23. Bd2 Nf8 24. b4 Ne4 25. Nxe4 dxe4 26. Qe2 Bd5 27. Bc3 Rb8 28. Qd2
f5 29. Ra1 Bb7 30. Ra5 Rf7 31. d5 Ng6 32. Qd4 Ne5 33. Rc5 Qe7 34. Ng3 Nd3 35.
Nf1 Nxc5 36. bxc5 Bxc5 37. Qxc4 Rc8 38. Qb3 Bd6 39. Rb1 Rxc3 0-1

[Event "Stuttgarter Stadtmeisterschaft B"]
[Site "Ditzingen"]
[Date "2015.05.14"]
[Round "2.49"]
[White "Funk, Christian"]
[Black "Meißner, Fabian"]
[Result "0-1"]
[WhiteElo "1450"]
[BlackElo "1666"]
[PlyCount "75"]
[EventDate "2015.??.??"]
[WhiteTeam "Ssg Fils-Lauter e. V."]
[BlackTeam "SG Ludwigsburg"]

1. d4 Nf6 2. c4 e6 3. Nc3 b6 4. Bg5 Be7 5. Nf3 Bb7 6. e3 O-O 7. Bd3 d5 8. O-O
dxc4 9. Bxc4 Nbd7 10. Rc1 c5 11. Bf4 Nh5 12. Bg3 Nxg3 13. hxg3 Rc8 14. Qe2 cxd4
15. Nxd4 Ne5 16. Ba6 Bxa6 17. Qxa6 Bc5 18. Nb3 Qe7 19. Ne4 Rc7 20. Nexc5 bxc5
21. Rc2 Rfc8 22. Rfc1 c4 23. Nd4 Nd3 24. Rd1 Nb4 25. Qa4 Nxc2 26. Nxc2 Rd8 27.
Rc1 Qd7 28. Qa5 Qd6 29. Nd4 a6 30. b3 Rdc8 31. b4 c3 32. b5 Rc5 33. Qa4 axb5
34. Nxb5 Qc6 35. Rxc3 Rxc3 36. Nxc3 Qxc3 37. Kh2 Qf6 38. Qg4 0-1